000 00601nam a2200181Ia 4500
008 190422s9999 xx 000 0 und d
100 _aEng Huang Chua, Cecil
245 _aSocial control in information system dvelopment: A negotiated order perspective /
245 _cCecil Eng Huang Chua and Michael D. Myers.--
260 _bAssociation for Information Technology Trust
260 _c2018
300 _apages 173-187, September 2018
440 _aJournal of Information Technology
_v33(3)
650 _aControl
650 _aControl Theory
650 _aInterpretive
650 _aStucture
999 _c361453
_d361453